Italy in the Eurovision Song Contest - Statistics

General Stats
  • This quiz has been taken 24 times
    5 since last reset
  • The average score is 12 of 52
Answer Stats
Answer % Correct
Brividi
100%
Per sempre si
100%
Soldi
100%
Zitti e buoni
100%
Due vite
75%
Grande amore
75%
La noia
75%
No Degree of Separation
75%
Occidentali's Karma
75%
Insieme: 1992
50%
L'amore è femmina (Out of Love)
50%
L'essenziale
50%
Nel blu, dipinto di blu
50%
Non mi avete fatto niente
50%
Volevo essere un duro
50%
Aprite le finestre
25%
Fiumi di parole
25%
La mia città
25%
Madness of Love
25%
Addio, addio
0%
Al di là
0%
Amami se vuoi
0%
Avrei voluto
0%
Chi sarà con te
0%
Comme è ddoce 'o mare
0%
Corde della mia chitarra
0%
Dio, come ti amo
0%
Due grosse lacrime bianche
0%
Era
0%
Gente di mare
0%
I giorni dell'arcobaleno
0%
I treni di Tozeur
0%
L'amore è un attimo
0%
Libera
0%
Magic Oh Magic
0%
Marianne
0%
Non andare più lontano
0%
Non ho l'età
0%
Non so che darei
0%
Occhi di ragazza
0%
Per Lucia
0%
Piove
0%
Questo amore
0%
Raggio di luna
0%
Rapsodia
0%
Romantica
0%
Se piangi, se ridi
0%
0%
Sole d'Europa
0%
Ti scrivo
0%
Uno per tutte
0%
We'll Live It All Again
0%
No matching quizzes found
Score Distribution
Percent of People with Each Score
Percentile by Number Answered
Your Score History
You have not taken this quiz since the last reset